| 000 | 00519nam a2200181Ia 4500 | ||
|---|---|---|---|
| 003 | OSt | ||
| 005 | 20260203101049.0 | ||
| 008 | 210210b1951 xxu||||| |||| 00| 0 eng d | ||
| 040 | _cAL | ||
| 041 | _aKannada | ||
| 082 | _a852/587 | ||
| 100 |
_aSHRINIVASA MURTI (G) _9160107 _dಶ್ರೀನಿವಾಸ ಮೂರ್ತಿ (ಜಿ) |
||
| 245 |
_aHitopadesha: _bಹಿತೋಪದೇಶ |
||
| 260 |
_aMadikeri _bShri Kaveri Prakashana _c1951 |
||
| 690 |
_aKannada Prose _9160108 |
||
| 906 | _a019153 | ||
| 942 |
_2ddc _cBK |
||
| 999 |
_c143269 _d143269 |
||